Sports Quiz

Random Sports or Europe Quiz

FIFA World Cup European Host Cities Quiz Stats

 Plays Quiz Updated Jul 14, 2018

Challenge
Share
Tweet
Score 0/90 Timer 10:00
2 Plays Today
% Correct
London (1966)
97%
Saint-Denis (1998)
94.5%
Paris (1938, 1998)
94.4%
Madrid (1982)
93.6%
Rome (1934, 1990)
91.9%
Barcelona (1982)
91.7%
Moscow (2018)
90.8%
Manchester (1966)
90.6%
West Berlin/Berlin (1974, 2006)
89.1%
Liverpool (1966)
86.1%
Munich (1974, 2006)
84%
Milan (1934, 1990)
82.7%
Saint Petersburg (2018)
79.8%
Solna (1958)
79.7%
Marseille (1938, 1998)
78.6%
Turin (1934, 1990)
77.1%
Lyon (1938, 1998)
75.7%
Naples (1934, 1990)
75.1%
Birmingham (1966)
73.3%
Seville (1982)
71.5%
Hamburg (1974, 2006)
70.7%
Valencia (1982)
70.3%
Bern (1954)
69.9%
Dortmund (1974, 2006)
61.6%
Zürich (1954)
60.5%
Florence (1934, 1990)
60.4%
Bilbao (1982)
59.4%
Bordeaux (1938, 1998)
57.7%
Frankfurt (1974, 2006)
57.1%
Sochi (2018)
56.7%
% Correct
Lille (1938)
56.2%
Palermo (1990)
55.9%
Malmö (1958)
55.1%
Cologne (2006)
54.2%
Geneva (1954)
50.1%
Sunderland (1966)
49.5%
Stuttgart (1974, 2006)
49.1%
Genoa (1934, 1990)
48.9%
Málaga (1982)
47.2%
Toulouse (1938, 1998)
45.7%
Sheffield (1966)
45.3%
Nantes (1998)
44.7%
Gothenburg (1958)
44.4%
Kaliningrad (2018)
41.5%
Bari (1990)
39.9%
Düsseldorf (1974)
39.8%
Strasbourg (1938)
39.6%
Leipzig (2006)
39.3%
Basel (1954)
38.4%
A Coruña (1982)
37.5%
Bologna (1934, 1990)
35.8%
Middlesbrough (1966)
35%
Hanover (1974, 2006)
34.7%
Kazan (2018)
34.7%
Cagliari (1990)
34.7%
Saint-Étienne (1998)
33.4%
Montpellier (1998)
33.3%
Gelsenkirchen (1974, 2006)
32.4%
Zaragoza (1982)
32.2%
Verona (1990)
31.1%
% Correct
Vigo (1982)
30.8%
Rostov-on-Don (2018)
28.9%
Samara (2018)
28.9%
Nuremberg (2006)
28%
Lens (1998)
27%
Volgograd (2018)
26.8%
Udine (1990)
25.4%
Trieste (1934)
24.8%
Nizhny Novgorod (2018)
23.8%
Gijón (1982)
21.1%
Le Havre (1938)
20.9%
Reims (1938)
20.6%
Alicante (1982)
20.5%
Lausanne (1954)
20.4%
Valladolid (1982)
18%
Kaiserslautern (2006)
16.9%
Oviedo (1982)
16%
Helsingborg (1958)
14.3%
Lugano (1954)
11.8%
Saransk (2018)
11.3%
Elche (1982)
10%
Norrköping (1958)
9.3%
Örebro (1958)
7.8%
Halmstad (1958)
7.2%
Västerås (1958)
5.5%
Antibes (1938)
5.4%
Borås (1958)
4.7%
Eskilstuna (1958)
3.9%
Uddevalla (1958)
3.6%
Sandviken (1958)
3.1%

You're not logged in!

Compare scores with friends on all Sporcle quizzes.
OR
Log In

You Might Also Like...

Show Comments

Extras

Top Quizzes Today


Score Distribution

Your Account Isn't Verified!

In order to create a playlist on Sporcle, you need to verify the email address you used during registration. Go to your Sporcle Settings to finish the process.

Report this User

Report this user for behavior that violates our Community Guidelines.

Details: